| 000 | 00000cam 2200000zi 4500 |
| 001 | 9.921127 |
| 003 | CaOODSP |
| 005 | 20260514080936 |
| 006 | m o d f |
| 007 | cr mn||||||||| |
| 008 | 230321r20232025onc o f000 0 fre d |
| 040 | |aCaOODSP|bfre|erda|cCaOODSP |
| 043 | |an-cn--- |
| 086 | 1 |aP29-043-147-2023F-PDF |
| 245 | 00|aContenants pour le transport des marchandises dangereuses par chemin de fer. |
| 264 | 1|aOttawa (Ontario) : |bOffice des normes générales du Canada : |bConseil canadien des normes, |c2023, 2025. |
| 264 | 4|c©2023 |
| 300 | |a1 ressource en ligne (i, 183 pages). |
| 336 | |atexte|btxt|2rdacontent/fre |
| 337 | |ainformatique|bc|2rdamedia/fre |
| 338 | |aressource en ligne|bcr|2rdacarrier/fre |
| 490 | 1 |aNorme nationale du Canada ; |vCAN/CGSB-43.147-2023 |
| 500 | |a« Publiée en mars 2023. » |
| 500 | |a« Expérience et excellence » -- Couverture. |
| 500 | |aRemplace CAN/CGSB-43.147-2005. |
| 500 | |a« Rectificatif no 1, février 2025. » |
| 500 | |aPublié aussi en anglais sous le titre: Containers for transport of dangerous goods by rail. |
| 500 | |a«Le Conseil canadien des normes a accordé une prolongation de deux ans de la date limite de mise à jour de cette norme, la repoussant du 13 mars 2028 au 13 mars 2030» -- Énoncé fourni par l’Office des normes générales du Canada (2026-05-13). |
| 520 | |a« La présente norme vise la conception, la fabrication, l'entretien, la qualification, l'inspection et le marquage des wagons-citernes ainsi que la sélection et l'utilisation de grands contenants ou d'unités de transport utilisés pour la manutention, la présentation au transport ou le transport par chemin de fer des marchandises dangereuses des classes 2, 3, 4, 5, 8 et 9 et la division 6.1. Elle ne vise pas les grands contenants qui sont utilisés exclusivement pour les marchandises non dangereuses » -- Objet, page 1. |
| 650 | 6|aSubstances dangereuses|xTransport|xNormes|zCanada. |
| 650 | 6|aTransports ferroviaires|xMarchandises|xNormes|zCanada. |
| 710 | 2 |aOffice des normes générales du Canada, |eorganisme de publication. |
| 710 | 2 |aConseil canadien des normes, |eorganisme de publication. |
| 775 | 08|tContainers for transport of dangerous goods by rail.|w(CaOODSP)9.921126 |
| 830 | #0|aNorme nationale du Canada ;|vno 43.147-2023.|w(CaOODSP)9.504227 |
| 856 | 40|qPDF|s2.74 Mo|uhttps://publications.gc.ca/collections/collection_2023/ongc-cgsb/P29-043-147-2023-fra.pdf|zRectificatif no 1, février 2025 |
| 986 | |aICS 45.060.20 |